Taking social development seriously : (Record no. 43694)

MARC details
000 -LEADER
fixed length control field 02679cam a22003618a 4500
005 - DATE AND TIME OF LATEST TRANSACTION
control field 20100517155146.0
008 - FIXED-LENGTH DATA ELEMENTS--GENERAL INFORMATION
fixed length control field 100517s2010 ii b 001 0 eng
010 ## - LCCN (DPL NO)
LC control number ENG-101410 B-430907-911
020 ## - INTERNATIONAL STANDARD BOOK NUMBER
International Standard Book Number 9788132104650
Terms of availability 595.00
035 ## - SYSTEM CONTROL NUMBER
System control number EN-84943 B-430907-911
037 ## - SOURCE OF ACQUISITION
Source of stock number/acquisition DBAD/PUB
037 ## - SOURCE OF ACQUISITION
Source of stock number/acquisition Allied Pub/Ven
040 ## - CATALOGING SOURCE
Original cataloging agency Dpl
Language of cataloging Eng
082 ## - DEWEY DECIMAL CLASSIFICATION NUMBER
Classification number 303.4095493
100 1# - MAIN ENTRY--PERSONAL NAME
Personal name Jayasuriya,Laksiri
9 (RLIN) 18235
245 10 - TITLE STATEMENT
Title Taking social development seriously :
Remainder of title the experience of Sri Lanka /
Statement of responsibility, etc by Laksiri Jayasuriya
260 ## - PUBLICATION, DISTRIBUTION, ETC. (IMPRINT)
Place of publication, distribution, etc New Delhi
Name of publisher, distributor, etc SAGE Publications
Date of publication, distribution, etc 2010
270 ## - ADDRESS
Address B1/I-1 Mohan Cooperative Industrial Area Mathura Road
City New Delhi
Postal code 110044
300 ## - PHYSICAL DESCRIPTION
Extent xvi,217p.
Dimensions 23cm (Hb)
500 ## - GENERAL NOTE
General note Includes bibliographical references and index.
505 0# - FORMATTED CONTENTS NOTE
Formatted contents note Introduction -- Changing ideas of social policy -- Rethinking social development -- Marshall and citizenship theorising -- The formative phase of social development in Sri Lanka -- Welfarism and democratisation in the late colonial state (1931-48) -- Consolidation of the welfare state -- Retreat from the welfare state -- Reclaiming social democracy: charting a "third way" for Sri Lanka -- Postscript: taking stock after the fall of Sri Lanka's Berlin Wall.
651 #0 - SUBJECT ADDED ENTRY--GEOGRAPHIC NAME
Geographic name Sri Lanka
General subdivision Social policy.
9 (RLIN) 18236
651 #0 - SUBJECT ADDED ENTRY--GEOGRAPHIC NAME
Geographic name Sri Lanka
General subdivision Social conditions.
9 (RLIN) 18237
942 ## - ADDED ENTRY ELEMENTS (KOHA)
Source of classification or shelving scheme Dewey Decimal Classification
Item type English Books
Classification part 303.4095493
Call number suffix JAY
Holdings
Withdrawn status Lost status Source of classification or shelving scheme Damaged status Not for loan Collection code Home library Current library Date acquired Source of acquisition Cost, normal purchase price Total Checkouts Full call number Barcode Date last seen Copy number Cost, replacement price Koha item type
    Dewey Decimal Classification     Non-fiction Central Library Central Library 31/05/2011 Allied Pub/2953/29.3.11/85/24.3.11/31.3.11 595.00 1 303.4095493 JAY B-430907 04/07/2018 1 595.00 English Books
    Dewey Decimal Classification   Not For Loan Non-fiction D.B.Act.Division D.B.Act.Division 04/09/2010 DBAD/PUB 595.00   303.4095493 JAY EN-84943 04/09/2010 1 595.00 English Books
    Dewey Decimal Classification     Non-fiction Karol Bagh Karol Bagh 31/05/2011 Allied Pub/2953/29.3.11/85/24.3.11/31.3.11 595.00   303.4095493 JAY B-430910 31/05/2011 1 595.00 English Books
    Dewey Decimal Classification     Non-fiction Patel Nagar Patel Nagar 31/05/2011 Allied Pub/2953/29.3.11/85/24.3.11/31.3.11 595.00   303.4095493 JAY B-430908 31/05/2011 1 595.00 English Books
    Dewey Decimal Classification     Non-fiction Sarojini Nagar Sarojini Nagar 31/05/2011 Allied Pub/2953/29.3.11/85/24.3.11/31.3.11 595.00   303.4095493 JAY B-430909 31/05/2011 1 595.00 English Books
    Dewey Decimal Classification     Non-fiction Shahdara Branch Shahdara Branch 31/05/2011 Allied Pub/2953/29.3.11/85/24.3.11/31.3.11 595.00   303.4095493 JAY B-430911 31/05/2011 1 595.00 English Books

© Delhi Public Library
Hit Counter
free hit counter